000 00960cam a22003011 4500
999 _c128924
_d128924
001 10331674
003 ARRUPE
005 20190206120558.0
008 810622s1963 xx a 000 0 eng
010 _a 65001012
015 _aGB63-5482
035 _a(OCoLC)14615536
040 _aDLC
_cDNLM
_dODaWU
_dOCoLC
_dUk
_dDLC
042 _apremarc
050 0 0 _aSPC. GN70
_b.B7
082 _a913
100 1 _aBrothwell, Don R.
_944458
245 1 0 _aDigging up bones;
_bthe excavation, treatment and study of human skeletal remains.
_cDon R. Brothwell
260 _aLondon,
_bBritish Museum,
_c1963.
300 _axiii, 194 p.
_bill.
500 _aAt head of title: British Museum (Natural History)
650 0 _aExcavations (Archaeology)
_944202
650 0 _aAnthropometry.
_944459
710 2 _aBritish Museum (Natural History)
_943833
906 _a7
_bcbc
_coclcrpl
_du
_encip
_f19
_gy-gencatlg
942 _2lcc
_cSPC